| 000 -ლიდერი |
| ფიქსირებული სიგრძის საკონტროლო ველი |
02145nam a2200277Ia 4500 |
| 001 - საკონტროლო ნომერი |
| საკონტროლო ველი |
17203 |
| 003 - საკონტროლო ნომრის იდენტიფიკატორი |
| საკონტროლო ველი |
GE_BSU |
| 005 - ბოლო ოპერაციის თარიღი და დრო |
| საკონტროლო ველი |
20210504190624.0 |
| 008 - ფიქსირებული სიგრძის მონაცემთა ელემენტები - ზოგადი ინფორმაცია |
| ფიქსირებული სიგრძის საკონტროლო ველი |
181216s2014ge xx |||||||||||||| ||geo|| |
| 020 ## - წიგნის საერთაშორისო სტანდარტული ნომერი |
| International Standard Book Number |
9781854442805 |
| 040 ## - კატალოგიზაციის წყარო |
| Transcribing agency |
GE_BSU |
| 041 ## - ენის კოდი |
| Language code of text/sound track or separate title |
geo |
| 080 ## - უნივერსალური ათობითი კლასიფიკაციის ინდექსი |
| Universal Decimal Classification number |
902.4 კ-36 |
| 100 ## - მთავარი ჩანაწერი - პიროვნების სახელი |
| Personal name |
კახიძე, ამირან |
| 9 (RLIN) |
103 |
| 245 ## - ცნობა სათაურის შესახებ |
| Title |
ფიჭვნარი = Pichvnari. ტ. 5: |
| Remainder of title |
ნ. ბერძენიშვილის სახ. სამეცნიერო - კვლევითი ინსტიტუტის, საქართველო - ბრიტანეთის ერთობლივი არქეოლოგიური ექსპედიციის შედეგები (1967-2012) აღმოსავლეთ შავიზღვისპირეთის ბერძნული კოლონიზაციის შედეგები (ფიჭვნარის ძვ.წ.IVსაუკუნის ბერძნული ნეკროპოლი) ნაწ.I (ტექსტი) / |
| Statement of responsibility, etc |
მირან კახიძე ; ემზარ კახიძე ; ინგლ. ტექსტის რედ. მ.ვიკერსი. |
| 250 ## - გამოცემის ცნობა |
| Edition statement |
ბათუმის არქეოლოგიური მუზეუმი, ოქსფორდის აშმოლის მუზეუმი. |
| 264 ## - წარმოების, გამოცემის, დისტრიბუციის და სხვა ცნობები |
| გამოცემის, წარმოების, დისტრიბუციის... ადგილი |
[ბათუმი ; ოქსფორდი]': |
| გამოცემის, წარმოების, დისტრიბუციის... სახელწოდება |
შპს გამ-ბა გრიფონი, |
| გამოცემის, წარმოების, დისტრიბუციის... თარიღი |
2014. |
| 300 ## - ფიზიკური აღწერა |
| Extent |
212 გვ ; |
| Other physical details |
ილ,70 გვ ; ფოტო , |
| Dimensions |
30 სმ. |
| 546 ## - LANGUAGE NOTE |
| Language note |
პარალელ. თავფურ. ინგლ.. - ტექსტი, ყდა ქართ. და ინგლ.. |
| 653 ## - INDEX TERM--UNCONTROLLED |
| Uncontrolled term |
არქეოლოგია |
| 653 ## - INDEX TERM--UNCONTROLLED |
| Uncontrolled term |
არქეოლოგიური გათხრები საქართველოში |
| 653 ## - INDEX TERM--UNCONTROLLED |
| Uncontrolled term |
ფიჭვნარი |
| 700 ## - ADDED ENTRY--PERSONAL NAME |
| Personal name |
კახიძე, ემზარ |
| 9 (RLIN) |
6722 |
| 700 ## - ADDED ENTRY--PERSONAL NAME |
| Personal name |
ვიკერსი, მ. |
| Relator term |
ინგლისური ტექსტის რედაქტორი |
| 9 (RLIN) |
6723 |
| 942 ## - ADDED ENTRY ELEMENTS (KOHA) |
| Koha item type |
წიგნი |
| Source of classification or shelving scheme |
|